Reference handbook of grammar & usage. (Record no. 36)

MARC details
000 -LEADER
fixed length control field 00825cam a2200241 4500
005 - DATE AND TIME OF LATEST TRANSACTION
control field 20260414151940.0
008 - FIXED-LENGTH DATA ELEMENTS--GENERAL INFORMATION
fixed length control field data
010 ## - LIBRARY OF CONGRESS CONTROL NUMBER
LC control number 72193148
040 ## - CATALOGING SOURCE
Original cataloging agency DLC
Transcribing agency DLC
Modifying agency DLC
050 00 - LIBRARY OF CONGRESS CALL NUMBER
Classification number PE1106
Item number .P4 1972
082 00 - DEWEY DECIMAL CLASSIFICATION NUMBER
Classification number 428
092 ## - LOCALLY ASSIGNED DEWEY CALL NUMBER (OCLC)
Classification number 428 P4 1972
001 - CONTROL NUMBER
control field data
100 1# - MAIN ENTRY--PERSONAL NAME
Personal name Perrin, Porter Gale,
Dates associated with a name 1896-1962.
245 10 - TITLE STATEMENT
Title Reference handbook of grammar & usage.
Statement of responsibility, etc. Porter Gale Perrin & Porter Gale Perrin.
260 ## - PUBLICATION, DISTRIBUTION, ETC.
Place of publication, distribution, etc. New York,
Name of publisher, distributor, etc. Morrow,
Date of publication, distribution, etc. 1972.
300 ## - PHYSICAL DESCRIPTION
Extent 297 p.
Other physical details illus.
Dimensions 24 cm.
350 ## - PRICE (NR) (BK AM CF MU VM SE) [OBSOLETE]
Price {dollar}4.50
500 ## - GENERAL NOTE
General note Derived from the author's Writer's guide and index to English.
650 #0 - SUBJECT ADDED ENTRY--TOPICAL TERM
Topical term or geographic name entry element English language
General subdivision Handbooks, manuals, etc.
-- Handbooks, manuals, etc.
650 #0 - SUBJECT ADDED ENTRY--TOPICAL TERM
Topical term or geographic name entry element English language
General subdivision Handbooks, manuals, etc.
-- Handbooks, manuals, etc.
700 1# - ADDED ENTRY--PERSONAL NAME
Personal name Perrin, Porter Gale,
Dates associated with a name 1896-1962.
Title of a work Index to English.
Holdings
Withdrawn status Lost status Damaged status Not for loan Home library Current library Shelving location Date acquired Total checkouts Full call number Barcode Date last seen Price effective from Koha item type Source of classification or shelving scheme Collection Serial enumeration / chronology
      Added to bundle Midway Midway New materials shelf 23/04/2026       14/04/2026 14/04/2026 Journal Dewey Decimal Classification Reference Vol. 0, Number 0, Issue 1
        Troy Troy General stacks 22/03/2026   428 BC0010036 22/03/2026 22/03/2026 Books